Concrete economics : (Record no. 17422)

000 -LEADER
fixed length control field 01767cam a2200193 i 4500
020 ## - INTERNATIONAL STANDARD BOOK NUMBER
ISBN 9781422189818 (hardcover : acidfree paper)
040 ## - CATALOGING SOURCE
Transcribing agency DLC
082 00 - DEWEY DECIMAL CLASSIFICATION NUMBER
Classification number 330 STE 2016 A114 Or.
100 1# - MAIN ENTRY--AUTHOR NAME
Personal name Cohen, Stephen S.,
245 10 - TITLE STATEMENT
Title Concrete economics :
Remainder of title the Hamilton approach to economic growth and policy /
300 ## - PHYSICAL DESCRIPTION
Number of Pages xi, 223 pages ;
Dimensions 22 cm
520 ## - SUMMARY, ETC.
Summary, etc "Brilliantly written and argued, Concrete Economics shows exactly how the US government has shaped and directed the economy since the very inception of the country. This book does not rehash the sturdy and well-known arguments that to thrive, an entrepreneurial economy needs a social and policy environment characterized by a broad range of freedoms. Nor does it buy into the myth of the absolutely free market. Instead, Cohen and DeLong focus on the forgotten role played by the US government in initiating and enabling a redesign of the US economy. The government not only sets the ground rules for entrepreneurial activity but directs the surges of energy that mark a vibrant economy. It is as true for present-day Silicon Valley as it was for New England manufacturing at the dawn of the nineteenth century. This is not an argument based on abstract truths, complex correlations, or arcane discoveries, but rather on the facts of how the US economy succeeded so brilliantly. And that provides a blueprint for how the government, established companies, and new ventures can partner to yet again successfully reshape the economy. "--
650 #0 - SUBJECT ADDED ENTRY--TOPICAL TERM
Topical Term Economic development
650 #7 - SUBJECT ADDED ENTRY--TOPICAL TERM
Topical Term BUSINESS & ECONOMICS / Government & Business.
650 #7 - SUBJECT ADDED ENTRY--TOPICAL TERM
Topical Term BUSINESS & ECONOMICS / Economics / General.
650 #7 - SUBJECT ADDED ENTRY--TOPICAL TERM
Topical Term BUSINESS & ECONOMICS / Economic History.
700 1# - ADDED ENTRY--PERSONAL NAME
Personal name De Long, J. Bradford,
942 ## - ADDED ENTRY ELEMENTS (KOHA)
Koha item type សៀវភៅភាសាអង់គ្លេស
952 ## - LOCATION AND ITEM INFORMATION (KOHA)
Withdrawn status [LOCAL, KOHA] 0
952 ## - LOCATION AND ITEM INFORMATION (KOHA)
Withdrawn status [LOCAL, KOHA] 0
Holdings
Permanent Location Date acquired Koha item type Lost status Shelving location Barcode Current Location Full call number
Library Block A2018-11-26សៀវភៅភាសាអង់គ្លេស A114A38096Library Block A330 STE 2016 A114 Or.
Library Block A2018-12-04សៀវភៅភាសាអង់គ្លេស A116A36572Library Block A330 STE 2016 A116 Or.
មជ្ឈមណ្ឌលឯការនៃសាកលវិទ្យាល័យភូមិន្ទកសិកម្មចំការដូង

Powered by Koha